Responses for Show #7576 - Monday, July 17, 2017

Contestants

[<< previous game]

Graydon Mears, an analytics director from San Antonio, Texas

Deborah Elliott, an educator from Cleveland, Ohio

Gavin Borchert, a writer and editor from Seattle, Washington (whose 3-day cash winnings total $50,200)

[next game >>]

Jeopardy! Round responses

A DAY AT THE HORSE RACES
PLASTICS
SCHOOLS ON SCREENS
7-LETTER WORDS
HODGEPODGE
AUTHORS' RHYME TIME
    $200 17
a nose

Graydon
    $200 16
monomers

Triple Stumper
    $200 1
Ridgemont High

Graydon
    $200 11
a toddler

Graydon
    $200 19
an executor

Gavin
    $200 6
Milne's kilns

Deborah
    $400 18
Churchill Downs

Graydon
    $400 27
a plastic surgeon

Gavin
    $400 2
Animal House

Graydon
    $400 12
weather

Gavin
    $400 21
the Beatitudes

Graydon
    $400 7
Parker's markers

Triple Stumper
    $600 20
Secretariat

Gavin
    $600 28
(Deborah: What is form? Or structure?)
(Graydon: What is elasticity?)

shapeable

DeborahGraydon
Triple Stumper
    $600 3
Buffy the Vampire Slayer

Deborah
    $600 13
exploit

Triple Stumper
    $600 22
double dipping

Gavin
    $600 8
Tan's pans

Gavin
    $800 25
a maiden

Triple Stumper
    $800 29
crumple

Deborah
    $1,000 4
community

Deborah
    $800 14
a fissure

Gavin
    $800 23
a railroad

Deborah
    $800 9
Annie's grannies

Gavin
    $1000 26
a trifecta

Gavin
    $1000 30
adhesive

Deborah
    $1000 5
waterboy

Deborah
    $1000 15
a cistern

Deborah
    $1000 24
a musket

Gavin
    $1000 10
Frank's cranks

Gavin

Scores at the first commercial break (after clue 15):

Gavin Deborah Graydon
$3,600 $3,800 $800

Scores at the end of the Jeopardy! Round:

Gavin Deborah Graydon
$7,400 $5,800 $1,200

Double Jeopardy! Round responses

JIMI HENDRIX
JOURNALING JOURNEYERS
"O" YES!
THE REIGN IN SPAIN
FALLS
MAINLY ON THE PLANE
    $400 11
"Purple Haze"

Graydon
    $400 21
blue

Gavin
    $400 19
an oven

Deborah
    $400 6
Juan Carlos

Deborah
    $400 1
Churchill

Gavin
    $400 16
fuselage

Deborah
    $800 12
left-handed

Graydon
    $800 22
the monsoon

Deborah
    $800 20
one-liners

Gavin
    $4,000 7
the Bourbon dynasty

Deborah
    $800 2
(Graydon: Who are the Sisters?)
(Alex: Be more specific.)
(Graydon: Who are [*]?)

the Two Sisters

Graydon
    $800 17
windshield wipers

Graydon
    $1200 13
experienced

Gavin
    $1200 23
strayed

Gavin
    $1200 26
the otoscope

Triple Stumper
    $1200 8
Napoleon

Graydon
    $1200 3
Minnehaha Falls

Gavin
    $4,000 18
Aeroflot

Graydon
    $1600 14
"All Along The Watchtower"

Deborah
    $1600 24
the origin (or source) of the Nile

Deborah
    $1600 27
oregano

Gavin
    $1600 9
a monastery

Deborah
    $1600 4
the Rainbow Bridge

Deborah
    $1600 29
yaw

Deborah
    $2000 15
"Hey Joe"

Triple Stumper
    $2000 25
(John) Steinbeck

Gavin
    $2000 28
(Graydon: What is an opal?)

onyx

DeborahGraydon
    $2000 10
Alfonso

Gavin
    $2000 5
Molokai

Gavin
    $2000 30
(Gavin: What are rudders?)

the stabilizers

Gavin
Triple Stumper

Scores at the end of the Double Jeopardy! Round:

Gavin Deborah Graydon
$18,200 $21,800 $7,200

[wagering suggestions for these scores]

Final Jeopardy! Round responses

DEADLY CREATURES
GraydonWhat is octopus jellyfish?
$7,000
GavinWhat is a jellyfish?
$17,500
DeborahWhat is the jellyfish?
$15,000
a jellyfish

Final scores:

Gavin Deborah Graydon
$35,700 $36,800 $14,200
2nd place: $2,000 New champion: $36,800 3rd place: $1,000

Game dynamics:

Coryat scores:

Gavin Deborah Graydon
$18,200 $18,400 $4,400
21 R,
1 W
19 R
(including 2 DDs),
1 W
12 R
(including 1 DD),
2 W

Combined Coryat: $41,000

[game clues] [game scores] [suggest correction]

Game tape date: Unknown
The J! Archive is created by fans, for fans. Scraping, republication, monetization, and malicious use prohibited; this site may use cookies and collect identifying information. See terms. The Jeopardy! game show and all elements thereof, including but not limited to copyright and trademark thereto, are the property of Jeopardy Productions, Inc. and are protected under law. This website is not affiliated with, sponsored by, or operated by Jeopardy Productions, Inc. Join the discussion at JBoard.tv.